000 00486nam a2200181Ia 4500
001 13502
005 20260306164805.0
008 260306t2005||||xx |||||||||||||| ||spa||
041 _aESP
082 _a004.6
_bB24 2005
100 _aBarcia Vázquez, Nicolás
_eAUT
245 0 _aRedes de computadores y arquitecturas de comunicaciones:
_bsupuestos prácticos
260 _c2005
300 _a328 páginas :
_c27 cm.
650 _aGEN
654 _aCCC
942 _cLIB
_dJUS
_fJUS
_2ddc
_n
999 _c13502
_d13502